Alan Jackson Songs - Statistics

General Stats
  • This quiz has been taken 70 times
  • The average score is 8 of 26
Answer Stats
Hint Answer % Correct
7 Chattahoochee
86%
20 Drive (For Daddy Gene)
50%
9 Livin' On Love
50%
24 Good Time
48%
14 Little Bitty
48%
22 Remember When
41%
2 Don't Rock The Jukebox
39%
10 Gone Country
38%
19 Where Were You (When The World Stopped Turning)
38%
25 Country Boy
36%
21 It's Five O'Clock Somewhere
36%
8 Summertime Blues
36%
12 Tall, Tall Trees
36%
23 Small Town Southern Man
29%
18 Where I Come From
21%
4 Dallas
18%
13 I'll Try
18%
6 She's Got The Rhythm (And I Got The Blues)
18%
11 I Don't Even Know Your Name
16%
17 It Must Be Love
16%
1 I'd Love You All Over Again
13%
5 Love's Got A Hold On You
13%
3 Someday
13%
16 Right On The Money
9%
15 There Goes
7%
26 As She's Walking Away
5%
No matching quizzes found
Score Distribution
Percent of People with Each Score
Percentile by Number Answered
Your Score History
You have not taken this quiz